skbl

Dr Suryya Kumar Bhuyan Library Web-OPAC
ডঃ সূৰ্য্য
কুমাৰ ভূঞা পুথিভঁৰাল ৱেব-অ'পেক

All Research Scholars are advised to clear the annual library fees to continue using Library Resources, Remote Access, Plagiarism Test and Library Clearance.

Cotton University Book Fair 2026

Critical Problems In Physics / (Record no. 3316)

MARC details
000 -LEADER
fixed length control field 00731nam a2200277Ia 4500
001 - CONTROL NUMBER
control field 3328
005 - DATE AND TIME OF LATEST TRANSACTION
control field 20240113233623.0
007 - PHYSICAL DESCRIPTION FIXED FIELD--GENERAL INFORMATION
fixed length control field ta
008 - FIXED-LENGTH DATA ELEMENTS--GENERAL INFORMATION
fixed length control field 050427s2000 a g b000 u eng u
020 ## - INTERNATIONAL STANDARD BOOK NUMBER
International Standard Book Number 81-7371-276X
040 ## - CATALOGING SOURCE
Original cataloging agency Cotton College
041 ## - LANGUAGE CODE
Language code of text/sound track or separate title eng
082 ## - DEWEY DECIMAL CLASSIFICATION NUMBER
Classification number 530
Item number Fi 55 Sr
100 ## - MAIN ENTRY--PERSONAL NAME
Personal name Fitch, VAl.L .
245 #0 - TITLE STATEMENT
Title Critical Problems In Physics /
Statement of responsibility, etc. Val.L.Fitch etl.
Medium Textual Documents
250 ## - EDITION STATEMENT
Edition statement 1st ed. /
260 ## - PUBLICATION, DISTRIBUTION, ETC.
Place of publication, distribution, etc. Hyderabad :
Name of publisher, distributor, etc. Universities Press ,
Date of publication, distribution, etc. 2000.
300 ## - PHYSICAL DESCRIPTION
Extent 308 p. :
Other physical details ill ;
Dimensions 23 cm. .
653 ## - INDEX TERM--UNCONTROLLED
Uncontrolled term Problems in Physics
700 ## - ADDED ENTRY--PERSONAL NAME
Personal name Marlow, Daniel.R. .
700 ## - ADDED ENTRY--PERSONAL NAME
Personal name Dementi, Margit.A.E. .
942 ## - ADDED ENTRY ELEMENTS (KOHA)
Source of classification or shelving scheme Dewey Decimal Classification
Koha item type Books
Holdings
Withdrawn status Lost status Damaged status Not for loan Collection Home library Current library Date acquired Coded location qualifier Total checkouts Full call number Barcode Date last seen Copy number Price effective from Koha item type
          Dr. Suryya Kumar Bhuyan Library Dr. Suryya Kumar Bhuyan Library 01/02/2012 00000   530 Fi 55 Sr 742/Phy 13/01/2024 1 01/02/2012 Books
          Dr. Suryya Kumar Bhuyan Library Dr. Suryya Kumar Bhuyan Library 01/02/2012 00000   530 Fi 55 Sr 741/Phy 13/01/2024 2 01/02/2012 Books

Designed and Maintained by Team SKBL
©1901-2026

Powered by Koha